Al Excmo. Sr. Presidente de la Diputación Provincial de Barcelona / José Roura
Descripción Física:
30 p. ; 26 cm
MARC
| LEADER | 00000nam a2200000Ia 4500 | ||
|---|---|---|---|
| 001 | 20531 | ||
| 008 | 160829s1878 xx 000 0 cat d | ||
| 080 | |a 1985, exp. 20 | ||
| 100 | |a Roura Masmitjá, José |9 48407 | ||
| 245 | |a Al Excmo. Sr. Presidente de la Diputación Provincial de Barcelona / José Roura | ||
| 260 | |a Barcelona : |b Establecimiento Tipográfico de los sucesores de Narciso Ramírez y Ca., |c 1878 | ||
| 300 | |a 30 p. ; |c 26 cm | ||
| 590 | |a Signautra de l'autor | ||
| 600 | 0 | |a Roura Masmitjá, José |9 48407 | |
| 650 | |a Conflictes laborals |9 48409 | ||
| 901 | |a Arxiu | ||
| 942 | |n 1 | ||
| 952 | |0 0 |1 0 |4 0 |6 1985_EXP_20 |7 1 |9 54525 |a Arxiu |b Arxiu |d 2016-12-01 |l 0 |o 1985, exp. 20 |p 20531 |r 2016-12-01 00:00:00 |w 2016-12-01 |y ARXIU | ||
| 999 | |c 58394 |d 58394 | ||